000 00574nam a2200205Ia 4500
003 IIN
005 20250324162401.0
008 250324s9999 xx ad 001 0 eng d
020 _cRs.1195.00
_a9789356969193
040 _aIIN
_bEnglish
082 _a611
_bASH
100 1 _aAshalatha, P.R.
245 1 _aTextbook of Applied Anatomy for BSc Nursing Students Semester 1
_cP.R. Ashalatha
250 _a4th ed
260 _bJaypee
_aNew Delhi
_c2025
300 _axlii, 496 p.
_bcol. ill.
500 _aIncludes Index
650 1 _aAnatomy
_vNursing
942 _cBOOK
999 _c1688
_d1688